The Merry Wives of Windsor / (Record no. 6226)

MARC details
000 -LEADER
fixed length control field 00528nam a22001697a 4500
003 - CONTROL NUMBER IDENTIFIER
control field GBCCL
005 - DATE AND TIME OF LATEST TRANSACTION
control field 20241126110558.0
008 - FIXED-LENGTH DATA ELEMENTS--GENERAL INFORMATION
fixed length control field 180504b ||||| |||| 00| 0 eng d
040 ## - CATALOGING SOURCE
Transcribing agency gbc
082 ## - DEWEY DECIMAL CLASSIFICATION NUMBER
Classification number 822.33
Item number SHA
100 ## - MAIN ENTRY--PERSONAL NAME
Personal name Shakespeare, William
Dates associated with a name 1565 - 1616
9 (RLIN) 11169
245 #4 - TITLE STATEMENT
Title The Merry Wives of Windsor /
Statement of responsibility, etc. Edited by G. B. Harrison
260 ## - PUBLICATION, DISTRIBUTION, ETC.
Name of publisher, distributor, etc. Penguine Books,
Place of publication, distribution, etc. Middlesex:
Date of publication, distribution, etc. 1957
300 ## - PHYSICAL DESCRIPTION
Extent 128 p.;
Other physical details ill.,
Dimensions 18 cm.
650 ## - SUBJECT ADDED ENTRY--TOPICAL TERM
Topical term or geographic name entry element Shakespeare, William
Chronological subdivision 1564 - 1616
General subdivision Criticism, interpretation.
9 (RLIN) 11170
942 ## - ADDED ENTRY ELEMENTS (KOHA)
Source of classification or shelving scheme Dewey Decimal Classification
Koha item type Books
Holdings
Withdrawn status Lost status Source of classification or shelving scheme Damaged status Not for loan Home library Current Library Shelving location Date acquired Total checkouts Full call number Barcode Date last seen Copy number Price effective from Koha item type
    Dewey Decimal Classification     GRACE BIBLE COLLEGE GRACE BIBLE COLLEGE General Studies 2018-05-04   822.33 SHA 002162 2025-05-01 c.1 2018-05-04 Books
© Grace Bible College Library 2025